The princess and the pea / (Record no. 9833)

MARC details
000 -LEADER
fixed length control field 01384nam a22002777a 4500
001 - CONTROL NUMBER
control field 9833
003 - CONTROL NUMBER IDENTIFIER
control field FISKH
005 - DATE AND TIME OF LATEST TRANSACTION
control field 20260303163515.0
008 - FIXED-LENGTH DATA ELEMENTS--GENERAL INFORMATION
fixed length control field 260303b cb ||||| |||| 00| 0 eng d
020 ## - INTERNATIONAL STANDARD BOOK NUMBER
International Standard Book Number 033500984068
040 ## - CATALOGING SOURCE
Original cataloging agency FISKH
Language of cataloging eng
Transcribing agency FISKH
Modifying agency FISKH
050 ## - LIBRARY OF CONGRESS CALL NUMBER
Classification number PZ8 .L9755 .P
100 ## - MAIN ENTRY--PERSONAL NAME
Personal name Lundell , Margo
245 ## - TITLE STATEMENT
Title The princess and the pea /
Statement of responsibility, etc. Retold by Margo Lundell : Illustrated by Nan Brooks
260 ## - PUBLICATION, DISTRIBUTION, ETC.
Place of publication, distribution, etc. New York :
Name of publisher, distributor, etc. A Golden Books ,
Date of publication, distribution, etc. 1994 .
300 ## - PHYSICAL DESCRIPTION
Extent 24 unnumbered pages :
Other physical details color illustrations ;
Dimensions 20 cm .
490 ## - SERIES STATEMENT
Series statement A Little Golden Book
505 ## - FORMATTED CONTENTS NOTE
Formatted contents note N <br/>
520 ## - SUMMARY, ETC.
Summary, etc. The story is a classic fairy tale about a prince who wants to marry a real princess, but he struggles to find one. One stormy night, a young woman claiming to be a princess seeks shelter at the prince’s castle. To test her royalty, the queen places a tiny pea under twenty mattresses and twenty feather beds.<br/><br/>Despite the many layers, the princess feels the pea and cannot sleep. Her sensitivity proves she is a true princess. The prince and princess are happily united, and the tale highlights themes of kindness, honesty, and the unique qualities that make someone special.
521 8# - TARGET AUDIENCE NOTE
Target audience note 590 <br/>
Source Lexile <br/>
521 8# - TARGET AUDIENCE NOTE
Target audience note N <br/>
Source Raz-Plus <br/>
650 ## - SUBJECT ADDED ENTRY--TOPICAL TERM
Topical term or geographic name entry element Princess
Form subdivision Children's Books
700 ## - ADDED ENTRY--PERSONAL NAME
Personal name Brooks , Nan
Relator term Illustrator
942 ## - ADDED ENTRY ELEMENTS (KOHA)
Source of classification or shelving scheme Dewey Decimal Classification
Koha item type Books
Suppress in OPAC No
Holdings
Withdrawn status Lost status Source of classification or shelving scheme Damaged status Not for loan Collection Home library Current library Shelving location Date acquired Total Checkouts Full call number Barcode Date last seen Price effective from Koha item type
    Dewey Decimal Classification     Juvenile Fiction Footprints International School Library Network Toul Tom Poung Campus Footprints International School Library Network Toul Tom Poung Campus TTP Primary Yellow Bookshelves 03/03/2026   LUN PZ8 .L9755 .P FISBK00209 03/03/2026 03/03/2026 Books